书目信息 |
| 题名: |
文言读本
|
|
| 作者: | 朱自清 编 | |
| 分册: | ||
| 出版信息: | 上海 上海教育出版社 1980 |
|
| 页数: | 307页 | |
| 开本: | 19cm | |
| 丛书名: | ||
| 单 册: | ||
| 中图分类: | H194.1 , H109.2 | |
| 科图分类: | ||
| 主题词: | 文言文--教材 , 汉语 | |
| 电子资源: | ||
| ISBN: | ||
| 000 | 00606nam0 2200241 450 | |
| 001 | 1540183721 | |
| 005 | 20150201111020.60 | |
| 010 | @dCNY1.00 | |
| 091 | @a9150.31 | |
| 100 | @a19950127d1980 em y0chiy0110 ea | |
| 101 | 0 | @achi |
| 102 | @aCN@b310000 | |
| 105 | @ay z 000yy | |
| 200 | 1 | @a文言读本@9wen yan du ben@f朱自清等编 |
| 210 | @a上海@c上海教育出版社@d1980 | |
| 215 | @a307页@d19cm | |
| 606 | 0 | @a文言文@x教材 |
| 606 | 0 | @a汉语 |
| 690 | @aH194.1@v5 | |
| 690 | @aH109.2@v4 | |
| 701 | 0 | @a朱自清@9zhu zi qing@f(1898~1948)@4编 |
| 801 | 0 | @aCN@bTSSF@c20150201 |
| 905 | @aZUCC@dH109.2@eJY48 | |
| 文言读本/朱自清等编.-上海:上海教育出版社,1980 |
| 307页;19cm |
| ISBN :CNY1.00 |
| ● |
| 相关链接 |
|
|
|
|
正题名:文言读本
索取号:H109.2/JY48
 
预约/预借
| 序号 | 登录号 | 条形码 | 馆藏地/架位号 | 状态 | 备注 |
| 1 | 7842790 | 278427908 | 学院路分馆/ [索取号:H109.2/JY48] | 在馆 | |
| 2 | 7842791 | 278427917 | 学院路分馆/ [索取号:H109.2/JY48] | 在馆 |